[Event "ESP-ch FEDC 28th"]
[Site "Ubeda"]
[Date "2019.11.26"]
[Round "8"]
[White "Linares Vernet, Ana"]
[Black "Becerro Rio, Esteban"]
[Result "1-0"]
[WhiteElo "1187"]
[BlackElo "1196"]
[PlyCount "67"]
[EventDate "2019.11.19"]
[EventType "swiss"]
[EventRounds "8"]
[EventCountry "ESP"]
[SourceTitle "EXT 2024"]
[Source "ChessBase"]
[SourceDate "2023.10.10"]
[SourceVersion "1"]
[SourceVersionDate "2023.10.10"]
[SourceQuality "1"]

1. d4 d5 2. c4 e6 3. cxd5 exd5 4. Nc3 c5 5. e3 Nf6 6. Nf3 Ne4 7. Nxe4 dxe4 8. Ng1 Nc6 9. Bb5 a6 10. Bxc6+ bxc6 11. b3 cxd4 12. exd4 c5 13. Ne2 cxd4 14. Nxd4 Bb4+ 15. Kf1 Bc5 16. Be3 0-0 17. Nc6 Qxd1+ 18. Rxd1 Bxe3 19. fxe3 Bb7 20. Ne5 Bd5 21. Rxd5 Rfd8 22. Rxd8+ Rxd8 23. Ke2 Rd5 24. Nc6 Rc5 25. Nb4 a5 26. Rd1 g6 27. Na6 Rc2+ 28. Rd2 Rc6 29. Nb8 Rc3 30. Nd7 f5 31. Nb6 Kf7 32. g3 Ke6 33. Na4 Rd3 34. Nc5+ 1-0

[Event "Almunecar FEDC op 23th"]
[Site "Almunecar"]
[Date "2019.09.29"]
[Round "2"]
[White "Linares Vernet, Ana"]
[Black "San Juan Santin, Aaron"]
[Result "0-1"]
[WhiteElo "1159"]
[BlackElo "1405"]
[PlyCount "78"]
[EventDate "2019.09.28"]
[EventType "swiss"]
[EventRounds "7"]
[EventCountry "ESP"]
[SourceTitle "EXT 2024"]
[Source "ChessBase"]
[SourceDate "2023.10.10"]
[SourceVersion "1"]
[SourceVersionDate "2023.10.10"]
[SourceQuality "1"]

1. d4 Nf6 2. Nf3 e6 3. e3 d5 4. c4 c5 5. Nc3 Nc6 6. a3 cxd4 7. exd4 Ne4 8. Bd3 Nxc3 9. bxc3 a6 10. 0-0 dxc4 11. Bxc4 b5 12. Ba2 Qc7 13. Bb2 Na5 14. Re1 Nc4 15. Bxc4 Qxc4 16. Ne5 Qd5 17. Qf3 Qxf3 18. Nxf3 Bb7 19. a4 b4 20. cxb4 Bxb4 21. Re3 0-0 22. Ba3 Bxa3 23. Raxa3 Rfd8 24. Ra1 Bxf3 25. gxf3 Rxd4 26. Re4 Rxe4 27. fxe4 Kf8 28. f3 Rc8 29. Kf2 Rc4 30. Ra2 e5 31. a5 Ke7 32. h4 f5 33. Ke3 fxe4 34. fxe4 Rc3+ 35. Kf2 Rh3 36. Kg2 Rxh4 37. Re2 Rg4+ 38. Kh3 Rf4 39. Re3 g5 0-1

[Event "Almunecar FEDC op 23th"]
[Site "Almunecar"]
[Date "2019.09.28"]
[Round "1"]
[White "Venegas Nuno, Francisco"]
[Black "Linares Vernet, Ana"]
[Result "1-0"]
[WhiteElo "1593"]
[BlackElo "1159"]
[PlyCount "55"]
[EventDate "2019.09.28"]
[EventType "swiss"]
[EventRounds "7"]
[EventCountry "ESP"]
[SourceTitle "EXT 2024"]
[Source "ChessBase"]
[SourceDate "2023.10.10"]
[SourceVersion "1"]
[SourceVersionDate "2023.10.10"]
[SourceQuality "1"]

1. d4 Nf6 2. Bf4 d5 3. e3 e6 4. Nf3 Bd6 5. Ne5 a6 6. Bd3 Nbd7 7. Nd2 0-0 8. 0-0 c6 9. Nxf7 Rxf7 10. Bxd6 Nf8 11. Bg3 N8d7 12. c4 b6 13. Qc2 Bb7 14. b4 Rc8 15. c5 b5 16. Nf3 h6 17. Bg6 Ne4 18. Bxf7+ Kxf7 19. Ne5+ Kg8 20. Nxd7 Qxd7 21. Be5 Kh7 22. f3 Rf8 23. fxe4 Rxf1+ 24. Rxf1 g6 25. exd5 exd5 26. Rf6 Qe8 27. Qf2 Kg8 28. Rd6 1-0

[Event "Benidorm FEDC op 22th"]
[Site "Benidorm"]
[Date "2019.06.14"]
[Round "6"]
[White "Linares Vernet, Ana"]
[Black "Munoz Gonzalez, Martin"]
[Result "0-1"]
[WhiteElo "1155"]
[BlackElo "1381"]
[PlyCount "96"]
[EventDate "2019.06.09"]
[EventType "swiss"]
[EventRounds "7"]
[EventCountry "ESP"]
[SourceTitle "EXT 2024"]
[Source "ChessBase"]
[SourceDate "2023.10.10"]
[SourceVersion "1"]
[SourceVersionDate "2023.10.10"]
[SourceQuality "1"]

1. e4 d6 2. Nf3 Nf6 3. d3 g6 4. Bg5 Bg7 5. c4 0-0 6. Nc3 c5 7. Be2 Bg4 8. h3 Bxf3 9. Bxf3 Nc6 10. a3 Nd7 11. Qd2 Re8 12. 0-0 Nd4 13. Qd1 Ne5 14. Be2 a5 15. a4 Nec6 16. Nd5 Nb4 17. Nxb4 axb4 18. b3 Nxe2+ 19. Qxe2 Bxa1 20. Rxa1 f6 21. Be3 e6 22. d4 b6 23. f3 Qc7 24. Qd2 Ra5 25. Bf2 Qf7 26. Bg3 d5 27. Qd3 dxc4 28. Qxc4 Qd7 29. Bf2 Qc7 30. Rc1 Rc8 31. d5 exd5 32. exd5 Qd6 33. Re1 Rd8 34. Rd1 Re8 35. Kf1 Kf7 36. Kg1 Re7 37. Kh1 Ra8 38. Re1 Rxe1+ 39. Bxe1 Rd8 40. h4 Qxd5 41. Bg3 Qxc4 42. bxc4 Rc8 43. Kg1 Kg7 44. Bf2 Re8 45. Bg3 Kf7 46. Bc7 Re6 47. Kf2 b3 48. a5 bxa5 0-1

[Event "Almunecar FEDC op 19th"]
[Site "Almunecar"]
[Date "2017.10.04"]
[Round "5.21"]
[White "Menor de Gaspar, Juan Antonio"]
[Black "Linares Vernet, Ana"]
[Result "0-1"]
[WhiteElo "1085"]
[BlackElo "1043"]
[PlyCount "46"]
[EventDate "2017.09.30"]
[EventType "swiss"]
[EventRounds "7"]
[EventCountry "ESP"]
[SourceTitle "EXT 2024"]
[Source "ChessBase"]
[SourceDate "2023.10.10"]
[SourceVersion "1"]
[SourceVersionDate "2023.10.10"]
[SourceQuality "1"]

1. e4 e5 2. d4 d6 3. dxe5 dxe5 4. Qxd8+ Kxd8 5. Nf3 f6 6. Bc4 Ne7 7. 0-0 Bd7 8. Nc3 Nbc6 9. Re1 Ke8 10. Be3 a6 11. b4 Nxb4 12. Rec1 Bc6 13. a3 Nxc2 14. Rxc2 Nc8 15. Nd5 Bxd5 16. Bxd5 c6 17. Be6 Ne7 18. Bc5 b5 19. Rd1 Ng6 20. Bxf8 Rxf8 21. Rd7 Rd8 22. Rxg7 Rd1+ 23. Ne1 Rxe1# 0-1

[Event "Almunecar FEDC op 19th"]
[Site "Almunecar"]
[Date "2017.10.01"]
[Round "2.20"]
[White "Linares Vernet, Ana"]
[Black "Jimenez Mahillo, David"]
[Result "0-1"]
[WhiteElo "1043"]
[BlackElo "1326"]
[PlyCount "70"]
[EventDate "2017.09.30"]
[EventType "swiss"]
[EventRounds "7"]
[EventCountry "ESP"]
[SourceTitle "EXT 2024"]
[Source "ChessBase"]
[SourceDate "2023.10.10"]
[SourceVersion "1"]
[SourceVersionDate "2023.10.10"]
[SourceQuality "1"]

1. b3 e5 2. e4 Nc6 3. Nf3 Bc5 4. a3 a5 5. c3 Nf6 6. d3 d5 7. Nbd2 0-0 8. Be2 h6 9. 0-0 Be6 10. a4 dxe4 11. Nxe4 Nxe4 12. dxe4 Qxd1 13. Bxd1 Rad8 14. Re1 Rd3 15. Bb2 Rfd8 16. Bc2 R3d7 17. Rad1 Bg4 18. Rxd7 Rxd7 19. Nh4 Rd2 20. Rc1 Bxf2+ 21. Kh1 Bxh4 22. Ba3 Be7 23. Bxe7 Nxe7 24. c4 Nc6 25. c5 Nb4 26. Bb1 Nd3 27. Bxd3 Rxd3 28. Re1 Rxb3 29. Kg1 Rc3 30. Rb1 Rxc5 31. Rxb7 Bd1 32. Rb8+ Kh7 33. Rf8 f6 34. Kf2 Bxa4 35. Kf3 Rc3+ 0-1